00401nam a2200157Ia 4500003000400000008004100004040001600045082001800061100002000079245004000099300001100139490000500150650002800155650003000183650003000213GCL140319s9999 xx 000 0 ara d aGCL / cGCL04a813.03bى ص1 aيحيى حقى10aصح النوم / cيحيى حقى a132 ص a04aالادب العربى04aالقصص القصيرة04aالقصة العربية